| 000 | 00695cam a22002411 4500 | ||
|---|---|---|---|
| 001 | s 38000034 | ||
| 003 | DLC | ||
| 005 | 20260227111912.0 | ||
| 008 | 751203s1937 mx b 000 0bspa c | ||
| 010 | _as 38000034 | ||
| 035 | _a(OCoLC)1871777 | ||
| 040 |
_aSmithsonian inst. Library _cFU _dOCoLC _dDLC |
||
| 042 | _apremarc | ||
| 050 | 0 | 0 |
_aF2235.3 _b.D76 |
| 082 | _a923.28 | ||
| 100 | 1 | _aDromundo, Baltasar. | |
| 245 | 1 | 0 | _aVida de Bolívar. |
| 260 |
_aMexico _b[Editorial "Mexico nuevo"] _c1937. |
||
| 300 |
_a267 p. _c20cm. |
||
| 504 | _a"Obras consultadas": p. 265-266. | ||
| 504 | _a"Obras de Baltasar Dromundo.--Publicadas": p. 267. | ||
| 600 | 1 | 0 |
_aBolívar, Simón, _d1783-1830. |
| 999 |
_c52736 _d52736 |
||